|
|
|
|
| LEADER |
01855nam a2200421 a 4500 |
| 001 |
EBC1607918 |
| 003 |
MiAaPQ |
| 005 |
20200520144314.0 |
| 006 |
m o d | |
| 007 |
cr cn||||||||| |
| 008 |
090810s2008 dcu sb 000 0 eng d |
| 035 |
|
|
|a (MiAaPQ)EBC1607918
|
| 035 |
|
|
|a (Au-PeEL)EBL1607918
|
| 035 |
|
|
|a (CaPaEBR)ebr10302947
|
| 035 |
|
|
|a (OCoLC)870947241
|
| 040 |
|
|
|a MiAaPQ
|c MiAaPQ
|d MiAaPQ
|
| 043 |
|
|
|a f-sx---
|
| 050 |
|
4 |
|a HF5658
|b .N36 2008
|
| 245 |
0 |
0 |
|a Namibia
|h [electronic resource] :
|b report on observance of standards and codes (ROSC) : fiscal transparency module /
|c prepared by the Fiscal Affairs Dept.
|
| 260 |
|
|
|a Washington, D.C. :
|b International Monetary Fund,
|c 2008.
|
| 300 |
|
|
|a 53 p.
|
| 490 |
1 |
|
|a IMF country report ;
|v no. 08/184
|
| 500 |
|
|
|a "This report on the observance of standards and codes on fiscal transparency for Namibia was prepared by a staff team of the International Monetary Fund as background documentation for the periodic consultation with the member country."
|
| 500 |
|
|
|a Cover title.
|
| 500 |
|
|
|a "June 2008"--Cover.
|
| 504 |
|
|
|a Includes bibliographical references.
|
| 533 |
|
|
|a Electronic reproduction. Ann Arbor, MI : ProQuest, 2015. Available via World Wide Web. Access may be limited to ProQuest affiliated libraries.
|
| 650 |
|
0 |
|a Disclosure of information
|z Namibia.
|
| 650 |
|
0 |
|a Financial statements
|z Namibia.
|
| 650 |
|
0 |
|a Budget process
|z Namibia.
|
| 650 |
|
0 |
|a Statistics
|x Standards
|z Namibia.
|
| 651 |
|
0 |
|a Namibia
|x Economic conditions.
|
| 651 |
|
0 |
|a Namibia
|x Economic policy.
|
| 655 |
|
4 |
|a Electronic books.
|
| 710 |
2 |
|
|a International Monetary Fund.
|b Fiscal Affairs Dept.
|
| 710 |
2 |
|
|a ProQuest (Firm)
|
| 830 |
|
0 |
|a IMF country report ;
|v no. 08/184.
|
| 856 |
4 |
0 |
|u https://ebookcentral.proquest.com/lib/matrademy/detail.action?docID=1607918
|z Click to View
|